Nature's numbers: discovering order and pattern in the universe (Record no. 379504)

000 -LEADER
fixed length control field 00377cam a22001337a 4500
008 - FIXED-LENGTH DATA ELEMENTS--GENERAL INFORMATION
fixed length control field 180718b1995 xxu||||| |||| 00| 0 eng d
020 ## - INTERNATIONAL STANDARD BOOK NUMBER
International Standard Book Number 029781642X
082 ## - DEWEY DECIMAL CLASSIFICATION NUMBER
Classification number YA51 St49
100 ## - MAIN ENTRY--PERSONAL NAME
Personal name Stewart, Ian
245 ## - TITLE STATEMENT
Title Nature's numbers: discovering order and pattern in the universe
Statement of responsibility, etc. by Ian Stewart
260 ## - PUBLICATION, DISTRIBUTION, ETC.
Place of publication, distribution, etc. London
Name of publisher, distributor, etc. Weidenfel
Date of publication, distribution, etc. 1995
300 ## - PHYSICAL DESCRIPTION
Extent 164p.
650 ## - SUBJECT ADDED ENTRY--TOPICAL TERM
Topical term or geographic name entry element Mathematics
Holdings
Withdrawn status Lost status Damaged status Not for loan Permanent Location Current Location Date acquired Full call number Barcode Date last seen Price effective from Koha item type
        Indian Institute of Public Administration Indian Institute of Public Administration 1996-06-20 YA51 St49 70713 2018-07-21 2018-07-21 Book

Powered by Koha